| 000 | 00379pab a2200157 454500 | ||
|---|---|---|---|
| 008 | 180718b2002 xxu||||| |||| 00| 0 eng d | ||
| 100 | _aDasgupta, Mousumi | ||
| 245 | _aMoral policemen of Uttar Pradesh | ||
| 260 | _c2002 | ||
| 300 | _ap.7,14. | ||
| 362 | _a19 Oct | ||
| 650 | _aPolice - India - Uttar Pradesh | ||
| 650 | _aPolice | ||
| 773 | _aYoung Indian | ||
| 909 | _a54215 | ||
| 999 |
_c54215 _d54215 |
||